000 01871nam a2200397 c 4500
001 58156
003 CO-BoRNBP
005 20250819202752.0
007 ta
008 231129t2023 ck a|||br ||| 00| 0dspa d
020 _a9789585395534
040 _aCO-BoRNBP
_bspa
_erda
_cCO-BoRNBP
041 0 _aspa
043 _as-ck---
082 0 4 _a599.5
_bM85v
_222
100 _aMuñoz Toro, Juliana,
_d1988-
_eaut
_91724
245 1 3 _aEl vuelo de las jorobadas /
_cJuliana Muñoz Toro ; ilustraciones de Dipacho ; edición de Paula Guerra Arjona.
250 _aEdición especial
264 1 _aBogotá, Colombia :
_bLazo libros,
_c2023
300 _a40 páginas sin numerar :
_bilustraciones a color
336 _atexto
_btxt
_2rdacontent
337 _asin mediación
_bn
_2rdamedia
338 _avolumen
_bnc
_2rdacarrier
500 _aDipacho es el seudónimo del autor Diego Francisco Sánchez
500 _aIncluye datos biográficos del autor e ilustrador
520 2 _aEste libro es perfecto para un amante de los viajes, el mar y los animales. Los 8000 km que recorren las ballenas de la Antártida al Pacífico colombiano están resumidos en este libro que contiene ilustraciones, mapas, infografías y datos fascinantes sobre la vida de las ballenas jorobadas y su ruta migratoria a Colombia. ¡Un viaje ilustrado para enamorarse de estas gigantes del océano!
521 1 _aRecomendado para un público infantil a partir de los 6 años
586 _aPremio los mejores libros para niños y jóvenes, año 2021 del banco del libro (IBBV Venezuela)
650 0 7 _aBallenas
_2lemb
_962422
650 0 7 _aCetáceos
_2lemb
_98682
650 0 7 _aLibros ilustrados para niños
_2LEMB
_92001
650 0 7 _aMamíferos marinos
_vcomunicación animal
_2lemb
_962423
700 _aDipacho
_935729
700 _aGuerra Arjona, Paula,
_deditora
_eedt
_962574
942 _2ddc
_cBKINF
999 _c58156
_d58156